000 00589nam a2200193Ia 4500
005 20260114185828.0
008 008 260114s9999 xx 000 0 eng d
020 _a9781474294072
037 _aEBOOK
040 _aCRL
_beng
_cCRL
041 _aeng
_2eng
084 _qCRL
100 _aGeorgina Downey
_9874911
245 0 _aDomestic Interiors Representing Homes from the Victorians to the Moderns
260 _bBloomsbury
_c2013
856 _uhttps://doi.org/10.5040/9781474294072?locatt=label:secondary_bloomsburyCollections
942 _cEBOOK
999 _c1473845
_d1473845